Aktuálne vzorové zmluvy pre obchodný styk aktuálna príručka určená pre každodennú prax. Aplikácie zmlúv, zmluvné pojmy, vzorové zmluvy a ich alternatívy - to všetko s ohľadom na najnovší právny stav : základné dielo - stav

Bibliographic Details
Main Authors: Škrinár, Alexander, 1940- (Author), Adamcová, Ľubica (Author), Husár, Ján (Author), Janičová, Eva, 1952- (Author), Pohl, Tomáš, 1952- (Author), Ľalík, Milan, 1953- (Author), Špirko, Juraj, 1947- (Author), Šemeringai, Peter (Author), Telenga, Pzemyslaw (Author), Vykročová, Janka, 1953- (Author), Wellmann, Győrgy (Author)
Format: Book
Language:Slovak
PhysicalDescription:602 s. s rozličným stránkovaním tab. 32 cm
Published: Bratislava Dashöfer 2000
ISBN:8096796852
Subjects:

MARC

LEADER 00000nam a2200000 a 4500
001 vtls001397897
003 SK-MaSNL
005 20260301161801.0
008 240318s2000 xo a r y slo
015 |a SNBI2001/01-00274 
020 |a 8096796852 
035 |a SNK000352319 
035 |a urn:nbn:sk:snk-am3h6p4 
035 |a urn:nbn:sk:snk-am00cql6 
035 |a 830A35F9-C5CD-45AE-B40A-9AF6F04909DB 
040 |a SNK  |b slo  |c SNK  |e AACR2 
041 0 |a slo 
044 |a xo  |c SK 
080 |a 347.7+347+349.2(094)(088.4)  |2 1981 
080 |a 347  |2 1981 
080 |a 349.2  |2 1981 
100 1 |a Škrinár, Alexander,  |d 1940-  |4 aut  |9 230331 
245 1 0 |a Aktuálne vzorové zmluvy pre obchodný styk  |b aktuálna príručka určená pre každodennú prax. Aplikácie zmlúv, zmluvné pojmy, vzorové zmluvy a ich alternatívy - to všetko s ohľadom na najnovší právny stav : základné dielo - stav  |c Alexander Škrinár a kolektív autorov 
260 |a Bratislava  |b Dashöfer  |c 2000 
300 |a 602 s. s rozličným stránkovaním  |b tab.  |c 32 cm 
500 |a Voľné listy v obale zopnuté v karisbloku 
650 0 7 |a právo obchodné  |x právo občianske  |x právo pracovné  |x zmluvy  |x predpisy právne  |y 2000  |x príručky  |2 SNK  |9 525310 
650 0 7 |a právo občianske  |x zmluvy  |x predpisy právne  |y 2000  |x príručky  |2 SNK  |9 525311 
650 0 7 |a právo pracovné  |x zmluvy  |x predpisy právne  |y 2000  |x príručky  |2 SNK  |9 525312 
655 7 |a zmluvy  |2 SNK  |9 19769 
700 1 |a Adamcová, Ľubica  |4 aut  |9 297423 
700 1 |a Husár, Ján  |4 aut  |9 5979 
700 1 |a Janičová, Eva,  |d 1952-  |4 aut  |9 8838 
700 1 |a Pohl, Tomáš,  |d 1952-  |4 aut  |9 110131 
700 1 |a Ľalík, Milan,  |d 1953-  |4 aut  |9 248683 
700 1 |a Špirko, Juraj,  |d 1947-  |4 aut  |9 204667 
700 1 |a Šemeringai, Peter  |4 aut  |9 525313 
700 1 |a Telenga, Pzemyslaw  |4 aut  |9 525314 
700 1 |a Vykročová, Janka,  |d 1953-  |4 aut  |9 11042 
700 1 |a Wellmann, Győrgy  |4 aut  |9 297428 
919 |a 80-967968-5-2 
958 |a TL 
999 |c 810787  |d 812717 
952 |t P60, <03>, [BOOK], {603}  |a SNK  |b SNK  |y PREZ  |7 0  |p 17A0253799  |o snkSB 62432  |i snkKSP 10623/2000  |0 0  |1 0  |4 0  |d 2000-10-16  |f 1  |l 0  |r 2025-04-11 00:00:00  |w 2026-02-24 
952 |t P60, <04>, [BOOK], {604}  |a SNK  |b SNK  |y VYP  |7 0  |p 17A0253801  |o snkSB 62432 D1  |i snkKSP 10624/2000  |0 0  |1 0  |4 0  |d 2000-10-16  |l 0  |r 2005-01-02 00:00:00  |w 2026-02-24